One to One Hundred Minefield Quiz Stats

 Plays Quiz Updated Feb 17, 2019

Support Sporcle.
Go Orange.
Score 0/100 Timer 06:00
23 Plays Today
% Correct
???
99.8%
???
98%
???
95.5%
???
94.6%
???
93.7%
???
93.3%
???
91.2%
???
89.8%
???
89.4%
???
89.2%
???
87.7%
???
86.8%
???
85.6%
???
83.9%
???
83%
???
81.7%
???
80.6%
???
79.4%
???
78.9%
???
78.3%
???
76.7%
???
75.5%
???
73.9%
???
72.8%
???
71.5%
???
70.2%
???
69.2%
???
68%
???
67.2%
???
66.5%
???
64.9%
???
63.9%
???
62.8%
???
61.4%
% Correct
???
60.2%
???
58.6%
???
57.4%
???
56.2%
???
55.1%
???
54.6%
???
52.9%
???
51.7%
???
49.8%
???
48.4%
???
46.9%
???
45.2%
???
43.5%
???
42.4%
???
41.3%
???
40.9%
???
39.5%
???
38.6%
???
37.4%
???
36.4%
???
35.6%
???
34.6%
???
33.4%
???
32.5%
???
31.7%
???
31.3%
???
30.3%
???
29.5%
???
28.4%
???
27.7%
???
26.9%
???
26.4%
???
25.4%
???
24.6%
% Correct
???
24.1%
???
23.5%
???
22.9%
???
22.4%
???
21.9%
???
21.4%
???
21%
???
20.5%
???
20.1%
???
19.8%
???
19.5%
???
19.2%
???
18.7%
???
18.3%
???
17.9%
???
17.5%
???
17.2%
???
16.9%
???
16.7%
???
16.4%
???
16.2%
???
16.2%
???
16%
???
15.8%
???
15.6%
???
15.4%
???
15.3%
???
15.1%
???
15%
???
14.9%
???
14.8%
???
14.8%

From the Vault

Movies on the Red Carpet

by BigAl1994

Movies 10m
There were some interesting fashion choices for the older premieres in this quiz.
Remove Ads.
Support Sporcle.
Get the best of Sporcle when you Go Orange. This ad-free experience offers more features, more stats, and more fun while also helping to support Sporcle. Thank you for becoming a member.

Show Comments

Extras

Top Quizzes Today


Score Distribution

Your Account Isn't Verified!

In order to create a playlist on Sporcle, you need to verify the email address you used during registration. Go to your Sporcle Settings to finish the process.

Report this User

Report this user for behavior that violates our Community Guidelines.

Details: